000 00564nam a22002177a 4500
003 UA-OsUOA
001 86380
007 ta
008 20120831b un ||||| |||| 00| 0 ukr d
090 _a811.111
942 _cBK
040 _aUA-OsUOA
_beng
_cUA-OsUOA
_dUA-OsUOA
245 _aReader's Choice
_bT. 1-7
300 _a150 с.
955 _a2
041 _aeng
080 _a811.111
260 _aMichogan
_c1993
650 7 _a8 Мовознавство. Художня література. Літературознавство
_2UDC
999 _c373166
_d373166